000 00711nam a2200265Ia 4500
003 OSt
005 20220912150657.0
006 a|||||r|||| 00| 0
007 ta
008 220909b |||||||| |||| 00| 0 eng d
024 _a29323
037 _cTextual
040 _aCSL
_beng
_cCSL
041 _aeng
082 _aB27, M7
100 _aJantzen Jens Carsten
245 0 _aRepresentation of algebraic C groups
260 _aBoston
_bAcademic Press
_c1987
300 _axiii, 443p.
_ccm.
490 _aPure and applied Mathematics; 131
500 _aBibliography 417-434p
650 _aGroup theory
942 _hB27, M7
_cTEXL
_2CC
999 _c52350
_d52350